Object-Oriented System Analysis and Design using UML\ (Record no. 32049)

000 -LEADER
fixed length control field 00571nam a22002177a 4500
003 - CONTROL NUMBER IDENTIFIER
control field Nust
005 - DATE AND TIME OF LATEST TRANSACTION
control field 20210806114340.0
008 - FIXED-LENGTH DATA ELEMENTS--GENERAL INFORMATION
fixed length control field 170116b xxu||||| |||| 00| 0 eng d
020 ## - INTERNATIONAL STANDARD BOOK NUMBER
International Standard Book Number 0-07-711000-5
038 ## - RECORD CONTENT LICENSOR
Staff Name khadija
040 ## - CATALOGING SOURCE
Transcribing agency c
082 ## - DEWEY DECIMAL CLASSIFICATION NUMBER
Classification number 005.117
Author Mark BEN
100 ## - MAIN ENTRY--PERSONAL NAME
Personal name Bennett, Simon
9 (RLIN) 81306
245 ## - TITLE STATEMENT
Title Object-Oriented System Analysis and Design using UML\
Statement of responsibility, etc. Simon Bennett, Steve Mcrobb
250 ## - EDITION STATEMENT
Edition statement 3rd
260 ## - PUBLICATION, DISTRIBUTION, ETC.
Place of publication, distribution, etc. London :
Name of publisher, distributor, etc. Mc Grawhill,
Date of publication, distribution, etc. 2006.
300 ## - PHYSICAL DESCRIPTION
Extent 698 p. ;
Dimensions 24 cm.
500 ## - GENERAL NOTE
General note Paperback.
563 ## - BINDING INFORMATION
Binding note PAPER BACK
942 ## - ADDED ENTRY ELEMENTS (KOHA)
Koha item type Book
Source of classification or shelving scheme
Holdings
Withdrawn status Lost status Source of classification or shelving scheme Damaged status Not for loan Permanent Location Current Location Shelving location Date acquired Full call number Barcode Date last seen Price effective from Koha item type Public note
          School of Mechanical & Manufacturing Engineering (SMME) School of Mechanical & Manufacturing Engineering (SMME) Reference 07/16/2015 005.117 BEN SMME-616 03/15/2018 07/16/2015 Book Rack,9-Shelf,1
© 2023 Central Library, National University of Sciences and Technology. All Rights Reserved.